[Event "KAZ-ch sf"]
[Site "Pavlodar"]
[Date "2016.02.06"]
[Round "1"]
[White "Mamytbekov, Kanat"]
[Black "Bagashev, Azat"]
[Result "0-1"]
[WhiteElo "1468"]
[BlackElo "2107"]
[PlyCount "86"]
[EventDate "2016.02.05"]
[EventType "swiss"]
[EventRounds "9"]
[EventCountry "KAZ"]
[SourceTitle "CBM 171 Extra"]
[Source "ChessBase"]
[SourceDate "2016.04.26"]
[SourceVersion "1"]
[SourceVersionDate "2016.04.26"]
[SourceQuality "1"]

1. e4 c5 2. Nf3 a6 3. d4 cxd4 4. Nxd4 Nf6 5. Nc3 e5 6. Nb3 Bb4 7. Bg5 d6 8. a3 Bxc3+ 9. bxc3 h6 10. Bxf6 Qxf6 11. Bd3 0-0 12. 0-0 Nc6 13. c4 Qg6 14. Rb1 a5 15. c3 Nd8 16. f4 Bg4 17. Qd2 exf4 18. Rxf4 Ne6 19. Rff1 Qg5 20. Qf2 a4 21. Nd4 Nc5 22. Bc2 Rae8 23. Rbe1 Re5 24. h3 Bh5 25. Nf5 Bg6 26. h4 Qd8 27. Qf4 Bxf5 28. exf5 Qf6 29. Rxe5 dxe5 30. Qf2 b6 31. g4 e4 32. Qg3 Re8 33. g5 Qe5 34. Qe3 Kh7 35. Rf2 Rd8 36. Rf4 f6 37. g6+ Kh8 38. Kf2 Rd3 39. Bxd3 Nxd3+ 40. Kg3 Nxf4 41. Qxf4 Qxc3+ 42. Kf2 Qd4+ 43. Kg3 Qxc4 0-1